00828nam a22002417a 450000500170000001000110001702000220002802000150005003500110006503700160007604000120009208200130010424501190011726000390023627000410027530000200031650000190033665000280035565000310038365000690041465000840048370000190056720170124105924.0 a897305 c00.00a0905743067 a0905743075 a897305 bCen Lib/Ret aDPLbEN a327bSOU aThe southern oceans and the security of the free world :cedited by Patrick Wallbnew studies in global strategy / aLondonbStacey Internationalc1977 a128 Kensington Church StreetbLondon a256p.c20cm(Hb) aIncludes index aInternational relations aWorld war-History-Southern aअंतर्राष्ट्रीय सम्बन्ध aविश्व युद्ध के इतिहास-दक्षिणी aWall, Patrick